AFC Ajax - Tous les joueurs (2010-2020) - Statistiques

Statistiques générales
  • Ce quiz a été pris 127 fois
  • Le résultat moyen est 26 sur 121
Statistiques - réponses
Saisons Nationalité Joueur Nb de matchs % Correct
2016-2019 Pays-Bas Frenkie de Jong 57
92%
2010-2014, 2017-2018, 2019-2020 Pays-Bas Siem de Jong 139
92%
2016-2019 Pays-Bas Matthijs de Ligt 77
91%
2010-2015, 2018-2020 Pays-Bas Daley Blind 151
90%
2016-2020 Maroc Hakim Ziyech 112
89%
2016-2020 Cameroun André Onana 122
87%
2018-2020 Serbie Dusan Tadic 59
81%
2015-2020 Pays-Bas Donny van de Beek 118
76%
2017-2020 Maroc Noussair Mazraoui 49
74%
2010-2014 Danemark Christian Eriksen 98
72%
2012-2019 Danemark Lasse Schöne 201
72%
2016-2017 Burkina Faso Bertrand Traoré 24
68%
2018-2020 Burkina Faso Lassina Traoré 10
68%
2016-2020 Brésil David Neres 81
67%
2017-2020 Argentine Nicolas Tagliafico 68
66%
2016-2020 Danemark Kasper Dolberg 78
61%
2017-2020 Pays-Bas Klaas-Jan Huntelaar 74
58%
2010-2011 Uruguay Luis Suarez 13
57%
2011-2017 Pays-Bas Davy Klaassen 126
48%
2010-2012 Belgique Jan Vertonghen 63
48%
2019-2020 Argentine Lisandro Martinez 24
48%
2011-2017 Pays-Bas Jasper Cillessen 101
45%
2010-2014 Belgique Toby Alderweireld 92
45%
2010-2011 Pays-Bas Maarten Stekelenburg 26
44%
2018-2020 Pays-Bas Ryan Gravenberch 10
44%
2014-2016 Pays-Bas Diederik Boer 2
40%
2019-2020 Mexique Edson Alvarez 12
40%
2012-2014 Pays-Bas Lesly de Sa 13
37%
2012-2020 Pays-Bas Joël Veltman 179
34%
2019-2020 Pays-Bas Jurriën Timber 1
33%
2019-2020 Etats-Unis Sergino Dest 20
30%
2016-2017 Colombie Davinson Sanchez 32
29%
2019-2020 Pays-Bas Quincy Promes 20
26%
2016-2017 Pays-Bas Abdelhak Nouri 9
25%
2016-2018 Pays-Bas Justin Kluivert 44
24%
2018-2020 Maroc Zakaria Labyad 14
23%
2018-2020 Pays-Bas Perr Schuurs 11
22%
2010-2013 Pays-Bas Gregory van der Wiel 54
21%
2012-2013, 2019-2020 Pays-Bas Ryan Babel 21
21%
2015-2018 Allemagne Amin Younes 69
20%
2014-2016 Pologne Arkadiusz Milik 52
20%
2012-2014 Danemark Christian Poulsen 54
20%
2014-2017 Pays-Bas Kenny Tete 31
20%
2019-2020 Roumanie Razvan Marin 10
15%
2010-2015 Pays-Bas Kenneth Vermeer 80
14%
2014-2017 Pays-Bas Riechedly Bazoer 51
14%
2011-2015 Islande Kolbeinn Sigthorsson 80
13%
2012-2016 Danemark Viktor Fischer 79
12%
2014-2017 Pays-Bas Anwar El Ghazi 70
11%
2014-2019 Pays-Bas Daley Sinkgraven 63
11%
2011-2016 Pays-Bas Ricardo van Rhijn 117
11%
2011-2016 Afrique du Sud Thulani Serero 88
11%
2017-2020 Pays-Bas Jurgen Ekkelenkamp 14
10%
2012-2015 Danemark Lucas Andersen 37
10%
2019-2020 Brésil Danilo 1
9%
2018-2019 Argentine Lisandro Magallan 2
9%
2010-2013 Serbie Miralem Sulejmani 59
9%
2013-2014 Espagne Bojan Krkic 24
8%
2013-2017 Pays-Bas Jaïro Riedewald 63
8%
2017-2019 Autriche Maximilian Wöber 30
8%
2014-2018 Pays-Bas Nick Viergever 84
8%
2010-2012, 2013-2015 Danemark Nicolai Boilesen 52
8%
2012-2015 Finlande Niklas Moisander 77
8%
2018-2020 Pays-Bas Noa Lang 8
8%
2017-2019 Danemark Rasmus Kristensen 20
8%
2013-2015 Pays-Bas Ricardo Kishna 34
8%
2010-2011 Pays-Bas Urby Emanuelson 18
8%
2010-2013 Curaçao Vurnon Anita 65
8%
2010-2013 Cameroun Eyong Enoh 52
7%
2012-2013, 2015-2018 Pays-Bas Mitchell Dijks 47
7%
2015-2018 Rép. Tchèque Vaclav Cerny 16
7%
2010-2012 Arménie Aras Özbiliz 26
6%
2019-2020 Portugal Bruno Varela 1
6%
2010-2011 Pays-Bas Demy de Zeeuw 27
6%
2016-2018 Colombie Mateo Cassierra 21
6%
2015-2017 Serbie Nemanja Gudelj 40
6%
2017-2019 Grèce Kostas Lamprou 3
5%
2010-2011 Egypte Mido 5
5%
2011-2012 Uruguay Nicolas Lodeiro 13
5%
2014-2015 Pays-Bas Richairo Zivkovic 7
5%
2011-2013 Pays-Bas Theo Janssen 31
5%
2012-2014 Suède Tobias Sana 17
5%
2012-2014 Pays-Bas Danny Hoesen 32
4%
2012-2013 Espagne Isaac Cuenca 3
4%
2010-2013 Rép. dém. du Congo Jody Lukoki 24
4%
2012-2015 Pays-Bas Stefano Denswil 22
4%
2017-2020 Pays-Bas Carel Eiting 17
3%
2017-2019 Norvège Dennis Johnsen 3
3%
2010-2012 Maroc Ismaïl Aissati 18
3%
2013-2015 Pays-Bas Lerin Duarte 18
3%
2010-2012 Pays-Bas Lorenzo Ebecilio 38
3%
2017-2018 Colombie Luis Manuel Orejuela 1
3%
2013-2016 Pays-Bas Mike van der Hoorn 33
3%
2010-2011 Maroc Mounir El Hamdaoui 26
3%
2014-2015 Danemark Niki Zimling 9
3%
2010-2011 Suède Rasmus Lindgren 15
3%
2015-2016 Croatie Robert Muric 2
3%
2010-2011 Curaçao Roly Bonevacia 1
3%
2011-2015 Pays-Bas Ruben Ligeon 12
3%
2015-2016 Pays-Bas Sam Hendriks 1
3%
2010-2011 Finlande Teemu Tainio 2
3%
2010-2012 Pays-Bas André Ooijer 22
2%
2018-2019 Pays-Bas Azor Matusiwa 1
2%
2017-2018 Ukraine Dani de Wit 5
2%
2010-2011 Argentine Dario Cvitanich 6
2%
2016-2018 Pays-Bas Deyovaisio Zeefuik 6
2%
2011-2012 Pays-Bas Dico Koppers 8
2%
2012-2013 Pays-Bas Fabian Sporkslede 2
2%
2010-2011 Pays-Bas Geoffrey Castillion 1
2%
2016-2017 Allemagne Heiko Westermann 4
2%
2012-2013 Pays-Bas Ilan Boccara 1
2%
2018-2019 Pays-Bas Kaj Sierhuis 2
2%
2010-2011 Pays-Bas Marvin Zeegelaar 2
2%
2016-2017 Pays-Bas Pelle Clement 1
2%
2014-2015 Pays-Bas Queensy Menig 3
2%
2019-2020 Pays-Bas Sontje Hansen 1
2%
2011-2013 Pays-Bas Derk Boerrigter 47
1%
2011-2012 Russie Dmitri Bulykin 19
1%
2010-2011 Surinam Florian Jozefzoon 4
1%
2010-2011 Pays-Bas Jeroen Verhoeven 3
1%
2010-2011 Espagne Oleguer 3
1%
Aucun quiz correspondant
Distribution des résultats
% des personnes avec chaque résultat
Percentile par nombre de réponses
Votre historique - résultats
Vous n’avez pas pris ce quiz